[Event "XX Cracovia-open B"]
[Site "Krakow"]
[Date "2009.12.29"]
[Round "3.7"]
[White "Czyzykiewicz, Rafal"]
[Black "Banaszkiewicz, Mikolaj"]
[Result "1/2-1/2"]
[WhiteElo "1806"]
[BlackElo "2047"]
[PlyCount "138"]
[EventDate "2009.??.??"]

1. e4 e6 2. d4 d5 3. exd5 exd5 4. Nf3 Bd6 5. Bd3 Nf6 6. O-O O-O 7. h3 h6 8. Be3
Nbd7 9. Nbd2 Re8 10. c4 c6 11. cxd5 Nxd5 12. Ne4 Bc7 13. a3 f5 14. Nc3 Rxe3 15.
Nxd5 Rxd3 16. Qxd3 cxd5 17. Qxf5 Ne5 18. Qh5 g6 19. Qxh6 Nxf3+ 20. gxf3 Qd6 21.
f4 Bf5 22. Rfe1 Qxf4 23. Qxf4 Bxf4 24. Re7 Rb8 25. Kg2 Bd6 26. Re3 Kf7 27. Rae1
Rc8 28. Rb3 b6 29. Rb5 Bd7 30. Rb3 Rc2 31. Rd1 Kf6 32. a4 Bxa4 33. Rf3+ Kg5 34.
Ra1 Bd7 35. Rxa7 Bf5 36. Rb3 b5 37. Rb7 Bf4 38. R7xb5 Kh4 39. Rb6 Rd2 40. R6b4
Be4+ 41. Kf1 Bd3+ 42. Kg2 Bc4 43. Rf3 Rxd4 44. Rb6 Bd3 45. Rf6 Be5 46. Re6 Bf4
47. Rf6 Kg5 48. R6xf4 Be4 49. Rxe4 dxe4 50. Re3 Kf4 51. Re2 g5 52. Rc2 Rd1 53.
Re2 Rb1 54. Rc2 Ke5 55. Rc5+ Kf4 56. Rc2 Re1 57. b4 Rb1 58. Rc4 Ke5 59. Kg3
Rg1+ 60. Kh2 Rf1 61. Kg2 Rb1 62. Kg3 Rg1+ 63. Kh2 Rd1 64. Kg3 Rd3+ 65. Kg4 Rd2
66. Kg3 Re2 67. Rc5+ Kf6 68. Rc4 Kf5 69. Rc5+ Kg6 1/2-1/2

. Rc5+ Kg6 1/2-1/2

[Event "XX Cracovia-open B"]
[Site "Krakow"]
[Date "2009.12.29"]
[Round "3.8"]
[White "Kaczor, Boguslaw"]
[Black "Marczuk, Dominik"]
[Result "1/2-1/2"]
[WhiteElo "2039"]
[BlackElo "1929"]
[PlyCount "104"]
[EventDate "2009.??.??"]

1. Nf3 Nf6 2. c4 g6 3. Nc3 Bg7 4. g3 O-O 5. Bg2 d6 6. O-O Nc6 7. Rb1 a6 8. b4
e5 9. d3 Re8 10. e4 Nd7 11. Nd5 Ne7 12. Ne3 Nf8 13. Kh1 h5 14. Nd2 Ne6 15. Nb3
Nc6 16. a3 Bh6 17. Nd5 Bxc1 18. Qxc1 Ncd4 19. f4 c6 20. Nxd4 Nxd4 21. Nc3 Bg4
22. Rb2 h4 23. gxh4 Qxh4 24. f5 Kg7 25. f6+ Kh7 26. Qe3 Rh8 27. Qg3 Qxg3 28.
hxg3 g5 29. Kg1 Kg6 30. a4 Bh3 31. Nd1 Bxg2 32. Kxg2 Rh7 33. Ne3 Rhh8 34. Ng4
Rae8 35. c5 d5 36. Kg1 dxe4 37. dxe4 Rh3 38. Kg2 Rhh8 39. Rd2 Re6 40. Rh1 Rxh1
41. Kxh1 Kh5 42. Nxe5 Rxe5 43. Rxd4 Kg6 44. g4 Kxf6 45. Kg2 Re7 46. Kf3 Ke5 47.
Ke3 Ke6 48. Rd6+ Ke5 49. a5 f6 50. Rd8 Ke6 51. Rd6+ Ke5 52. Rd4 Ke6 1/2-1/2

2. Rd4 Ke6 1/2-1/2

[Event "XX Cracovia-open B"]
[Site "Krakow"]
[Date "2009.12.29"]
[Round "3.9"]
[White "Jablonska, Sabina"]
[Black "Koziej, Maciej"]
[Result "1/2-1/2"]
[WhiteElo "1800"]
[BlackElo "2026"]
[PlyCount "98"]
[EventDate "2009.??.??"]

1. e4 c5 2. Nf3 e6 3. d4 cxd4 4. Nxd4 a6 5. Bd3 g6 6. Be3 Bg7 7. c3 Nc6 8. Nb3
Nf6 9. N1d2 d5 10. Bg5 h6 11. Bxf6 Bxf6 12. exd5 exd5 13. Qe2+ Kf8 14. O-O Kg7
15. Rfe1 Qd6 16. h3 Bd7 17. Nf3 Rhe8 18. Qd2 b5 19. Rxe8 Rxe8 20. Re1 Rxe1+ 21.
Qxe1 d4 22. Nbxd4 Nxd4 23. cxd4 Bxd4 24. Nxd4 Qxd4 25. Qe2 Be6 26. b3 Bd5 27.
Qc2 Qa1+ 28. Qb1 Qxb1+ 29. Bxb1 Kf6 30. f4 g5 31. g3 gxf4 32. gxf4 Be6 33. Kg2
b4 34. Kg3 a5 35. Bc2 Bd7 36. Bd3 Bc8 37. Be4 Be6 38. Bc2 a4 39. Kg2 a3 40. Kg3
Ke7 41. h4 Kf6 42. Kf3 Bf5 43. Be4 Ke6 44. Ke3 Kf6 45. Kd4 h5 46. Bf3 Be6 47.
Kc5 Bxb3 48. Kxb4 Bxa2 49. Kxa3 Be6 1/2-1/2

. Kxa3 Be6 1/2-1/2

[Event "XX Cracovia-open B"]
[Site "Krakow"]
[Date "2009.12.29"]
[Round "3.10"]
[White "Nasuta, Grzegorz"]
[Black "Zaboklicki, Zbigniew"]
[Result "1-0"]
[WhiteElo "2015"]
[BlackElo "1896"]
[PlyCount "127"]
[EventDate "2009.??.??"]

1. e4 c5 2. Nf3 Nc6 3. d4 cxd4 4. Nxd4 e6 5. Nc3 a6 6. Be3 Nge7 7. Be2 Nxd4 8.
Bxd4 Nc6 9. O-O Qc7 10. Be3 b5 11. f4 Be7 12. Bf3 Bb7 13. e5 Na5 14. Ne4 Nc4
15. Bd4 Bxe4 16. Bxe4 Rc8 17. b3 Na5 18. Kh1 Nc6 19. Bb2 g6 20. a4 b4 21. Qd3
a5 22. Rad1 Rd8 23. Qf3 O-O 24. Rd2 Nb8 25. Rfd1 f5 26. Bd3 Kf7 27. Bc4 Rg8 28.
Rd3 Qc6 29. Qe2 h5 30. Bb5 Qb7 31. R1d2 Rgf8 32. Qd1 Ke8 33. Bd4 Rf7 34. Bf2
Rh7 35. Qf3 Qxf3 36. Rxf3 Rc8 37. Rfd3 Bd8 38. Rd6 Re7 39. Kg1 Bc7 40. R6d3 Bd8
41. Kf1 Rg7 42. Rd6 Re7 43. Ke2 Bc7 44. R6d3 Bd8 45. Kf3 Rg7 46. Rd6 Re7 47.
Ke2 Bc7 48. R6d3 Bd8 49. Kd1 Bc7 50. Kc1 Rg7 51. Kb2 g5 52. Be3 gxf4 53. Bxf4
Nc6 54. Re2 Rd8 55. Kb1 Rg4 56. g3 Rg7 57. Re1 Ne7 58. Bc4 Nc6 59. h4 Rc8 60.
Bb5 Bb6 61. Red1 Nb8 62. Rd6 Bc5 63. Rxe6+ Kd8 64. Rh6 1-0

6+ Kd8 64. Rh6 1-0

[Event "XX Cracovia-open B"]
[Site "Krakow"]
[Date "2009.12.30"]
[Round "4.1"]
[White "Janus, Przemyslaw"]
[Black "Bednarczyk, Damian"]
[Result "1-0"]
[WhiteElo "2070"]
[BlackElo "1972"]
[PlyCount "81"]
[EventDate "2009.??.??"]

1. d4 d5 2. c4 e6 3. Nc3 c6 4. Nf3 dxc4 5. a4 Bb4 6. Bd2 a5 7. e3 b5 8. Ne5 Bb7
9. Qf3 Qe7 10. Qg4 g6 11. Be2 Nf6 12. Qh4 Bxc3 13. bxc3 Nd5 14. Qh6 b4 15. Bxc4
bxc3 16. Bc1 Na6 17. O-O O-O-O 18. Bxa6 Bxa6 19. Ba3 Qc7 20. Rfc1 f6 21. Nf3 g5
22. e4 Nf4 23. Qxf6 Ne2+ 24. Kh1 Nxc1 25. Rxc1 e5 26. Nxe5 Rhe8 27. Nxc6 Rd7
28. Rxc3 Rxe4 29. Rc1 Kb7 30. Nxa5+ Qxa5 31. Qc6+ Kb8 32. Qxe4 Bb7 33. Rb1 Ka8
34. Qe8+ Qd8 35. Qxd8+ Rxd8 36. Bc5 Re8 37. Kg1 h5 38. h3 g4 39. hxg4 hxg4 40.
a5 Re2 41. Rb3 1-0

a5 Re2 41. Rb3 1-0

[Event "XX Cracovia-open B"]
[Site "Krakow"]
[Date "2009.12.30"]
[Round "4.2"]
[White "Ciba, Przemyslaw"]
[Black "Nikitin, Aleksander I"]
[Result "0-1"]
[WhiteElo "1964"]
[BlackElo "2060"]
[PlyCount "104"]
[EventDate "2009.??.??"]

1. b3 f5 2. Bb2 Nf6 3. g3 d6 4. d4 g6 5. d5 Bg7 6. h4 c6 7. c4 Na6 8. h5 Nxh5
9. Bxg7 Nxg7 10. Qd4 e5 11. dxe6 O-O 12. Qd2 Nxe6 13. Nf3 Nac5 14. Nc3 Qf6 15.
Rc1 Ne4 16. Qh6 Rf7 17. Nd1 Bd7 18. e3 c5 19. Bd3 Bc6 20. Ke2 Re8 21. Rh2 N6g5
22. Nxg5 Nxg5 23. f4 Ne6 24. Kd2 Nc7 25. Nc3 a6 26. g4 fxg4 27. Rg1 Bf3 28. f5
gxf5 29. Qf4 Qe5 30. Qh6 Re6 31. Qg5+ Rg7 32. Qf4 Rf6 33. Rh5 Qxf4 34. exf4 Ne6
35. Rh4 Nxf4 36. Ke3 Ne6 37. Rh5 Bc6 38. Rh4 Re7 39. Rg3 Kg7 40. a3 Nd4+ 41.
Kf2 Nxb3 42. Nd1 Nd2 43. Ne3 Ne4+ 44. Bxe4 Rxe4 45. Ke2 Rf4 46. Rh5 Kg6 47. Rh2
Re6 48. Kd2 Rf3 49. Rxf3 Bxf3 50. a4 f4 51. Nd5 Bxd5 52. cxd5 Re5 0-1

5 52. cxd5 Re5 0-1

[Event "XX Cracovia-open B"]
[Site "Krakow"]
[Date "2009.12.30"]
[Round "4.3"]
[White "Nasuta, Grzegorz"]
[Black "Jedras, Piotr"]
[Result "1/2-1/2"]
[WhiteElo "2015"]
[BlackElo "1941"]
[PlyCount "158"]
[EventDate "2009.??.??"]

1. e4 c5 2. Nf3 d6 3. d4 cxd4 4. Nxd4 Nf6 5. Nc3 g6 6. Be3 Bg7 7. f3 Nc6 8. Bc4
O-O 9. Qd2 Bd7 10. O-O-O Rb8 11. Bb3 Na5 12. Bh6 Nxb3+ 13. Nxb3 Bxh6 14. Qxh6
a5 15. Nd5 Nxd5 16. exd5 a4 17. Nd2 a3 18. b3 Qc7 19. Ne4 Rbc8 20. Rd2 f6 21.
g4 Rf7 22. Qe3 Kg7 23. h4 h6 24. Kd1 f5 25. Ng5 hxg5 26. Qd4+ Kg8 27. hxg5 Rg7
28. Rdh2 Qc3 29. Qxc3 Rxc3 30. Rh8+ Kf7 31. Rd8 Rc7 32. Rhh8 e6 33. gxf5 gxf5
34. f4 exd5 35. c3 d4 36. c4 Ke6 37. Rdf8 Rg6 38. Rh7 d5 39. cxd5+ Kxd5 40. Rd8
Ke6 41. Kd2 d3 42. Kd1 b6 43. Kd2 Rb7 44. b4 Bc6 45. Rxb7 Bxb7 46. Rxd3 Rg7 47.
Rxa3 Rd7+ 48. Ke3 Rh7 49. Ra7 Kd5 50. a4 Re7+ 51. Kf2 Rc7 52. a5 bxa5 53. bxa5
Ke4 54. a6 Rc2+ 55. Kg3 Rc3+ 56. Kf2 Bd5 57. Rd7 Bc6 58. Rc7 Kxf4 59. a7 Rf3+
60. Kg1 Be4 61. Re7 Ra3 62. g6 Kg3 63. Kf1 Bf3 64. g7 Bd5 65. Rd7 Bc4+ 66. Ke1
f4 67. Rd3+ Rxd3 68. a8=Q f3 69. g8=Q+ Bxg8 70. Qxg8+ Kf4 71. Qf7+ Ke3 72. Qe6+
Kf4 73. Qf6+ Ke4 74. Qg6+ Ke3 75. Qg5+ Ke4 76. Qe7+ Kf4 77. Kf2 Rd2+ 78. Kf1
Rd1+ 79. Kf2 Rd2+ 1/2-1/2

. Kf2 Rd2+ 1/2-1/2

[Event "XX Cracovia-open B"]
[Site "Krakow"]
[Date "2009.12.30"]
[Round "4.4"]
[White "Kuznetsov, Sergej"]
[Black "Bartoszewicz, Marcin"]
[Result "1-0"]
[WhiteElo "2064"]
[BlackElo "1978"]
[PlyCount "53"]
[EventDate "2009.??.??"]

1. Nf3 Nf6 2. c4 g6 3. g3 Bg7 4. Bg2 O-O 5. O-O d6 6. d4 c5 7. Nc3 Nc6 8. dxc5
dxc5 9. Bf4 Be6 10. Ne5 Na5 11. Nd3 Rc8 12. b3 b6 13. Qc1 Bf5 14. Rd1 Bxd3 15.
Rxd3 Qe8 16. Nb5 Nd7 17. Nxa7 Bxa1 18. Qxa1 e5 19. Bh6 Rd8 20. Nb5 Qe7 21. f4
f6 22. Bxf8 Kxf8 23. Qd1 exf4 24. gxf4 Qe6 25. Nc7 Qg4 26. h3 Qxf4 27. Ne6+ 1-0

 Qxf4 27. Ne6+ 1-0

[Event "XX Cracovia-open B"]
[Site "Krakow"]
[Date "2009.12.30"]
[Round "4.5"]
[White "Marczuk, Dominik"]
[Black "Lis, Marek"]
[Result "1-0"]
[WhiteElo "1929"]
[BlackElo "2094"]
[PlyCount "97"]
[EventDate "2009.??.??"]

1. e4 c5 2. Nf3 d6 3. d4 cxd4 4. Nxd4 Nf6 5. Nc3 a6 6. f3 e5 7. Nb3 Be6 8. Be3
Be7 9. Qd2 O-O 10. O-O-O b5 11. Nd5 Bxd5 12. exd5 Qc7 13. g4 Rc8 14. Kb1 b4 15.
g5 Nfd7 16. h4 a5 17. h5 a4 18. Nc1 Na6 19. g6 Nac5 20. h6 fxg6 21. Bh3 Rcb8
22. Bxc5 Nxc5 23. Nd3 Bf6 24. Nxc5 Qxc5 25. Be6+ Kf8 26. hxg7+ Bxg7 27. Rxh7 b3
28. Rdh1 Qxc2+ 29. Qxc2 bxc2+ 30. Kxc2 Re8 31. Rg1 Rac8+ 32. Bxc8 Rxc8+ 33. Kb1
Kf7 34. Rc1 Rxc1+ 35. Kxc1 g5 36. Rh2 Kg6 37. Re2 Bh6 38. Kc2 g4 39. fxg4 Bf4
40. Re4 Kg5 41. Rxa4 Kxg4 42. Re4 Kf3 43. Kd3 Bd2 44. b4 Bc1 45. a4 Bg5 46. a5
Bd8 47. Re1 Kf2 48. Rb1 Bc7 49. Ke4 1-0

b1 Bc7 49. Ke4 1-0

[Event "XX Cracovia-open B"]
[Site "Krakow"]
[Date "2009.12.30"]
[Round "4.6"]
[White "Budzinski, Jan"]
[Black "Krasiewicz, Robert"]
[Result "1/2-1/2"]
[WhiteElo "1887"]
[BlackElo "2092"]
[PlyCount "143"]
[EventDate "2009.??.??"]

1. e4 e6 2. d4 d5 3. Nd2 Nc6 4. c3 Nf6 5. e5 Nd7 6. Bd3 Be7 7. Ne2 O-O 8. O-O
Qe8 9. Nf4 Nd8 10. Qh5 f5 11. Qxe8 Rxe8 12. Ne2 c5 13. f4 Nc6 14. Nf3 a6 15.
Be3 b5 16. Ng5 Bxg5 17. fxg5 c4 18. Bc2 a5 19. Nf4 Nb6 20. h4 g6 21. Rf3 Kg7
22. Kf2 Bd7 23. Rh1 Ne7 24. Rfh3 Rab8 25. h5 Rh8 26. Bc1 Na8 27. Rh4 Nc7 28.
hxg6 hxg6 29. Rxh8 Rxh8 30. Rxh8 Kxh8 31. Ke3 Kg7 32. Bd2 Na6 33. a3 Kf7 34.
Ne2 Nc6 35. Nc1 b4 36. axb4 axb4 37. Bd1 b3 38. Bf3 Nc7 39. Ne2 Nb5 40. Kf2 Na3
41. Ke1 Na7 42. Kd1 Nc2 43. Kc1 Bc6 44. g3 Nb5 45. Bg2 Bb7 46. Bf3 Nc7 47. Nf4
Bc6 48. Bd1 Ba4 49. Ng2 Nb5 50. Bxc2 bxc2 51. Ne3 Na7 52. Nxc2 Bxc2 53. Kxc2
Nc6 54. Be3 Na5 55. Bf4 Ke7 56. Be3 Kd7 57. Bf4 Kc6 58. Be3 Kb5 59. Bf4 Ka4 60.
Be3 Nc6 61. Bf4 Na7 62. Be3 Nb5 63. Bf4 Nc7 64. Be3 Ne8 65. Bd2 Ng7 66. Be3 Nh5
67. Bf4 Ka5 68. Kc1 Kb5 69. Kb1 Ka5 70. Kc1 Ng7 71. Be3 Ka4 72. Kc2 1/2-1/2

a4 72. Kc2 1/2-1/2

[Event "XX Cracovia-open B"]
[Site "Krakow"]
[Date "2009.12.30"]
[Round "4.7"]
[White "Ociepka, Tomasz"]
[Black "Korniyuk, Mariya"]
[Result "0-1"]
[WhiteElo "1885"]
[BlackElo "2064"]
[PlyCount "62"]
[EventDate "2009.??.??"]

1. e4 e5 2. Nf3 Nc6 3. Bb5 g6 4. O-O Bg7 5. d3 Nge7 6. c3 a6 7. Ba4 d6 8. Be3
h6 9. d4 Bd7 10. dxe5 dxe5 11. Qe2 O-O 12. Nbd2 f5 13. exf5 gxf5 14. Bc5 Re8
15. Bc2 Ng6 16. g3 Qf6 17. Rad1 Rad8 18. Rfe1 b6 19. Ba3 e4 20. Nd4 Nxd4 21.
cxd4 Bb5 22. Bb3+ Kh8 23. Bc4 Bxc4 24. Qxc4 Rxd4 25. Qxc7 Red8 26. Qc2 Ne5 27.
b3 Rxd2 28. Rxd2 Rxd2 29. Qc8+ Rd8 30. Qxa6 Nf3+ 31. Kf1 Nxe1 0-1

+ 31. Kf1 Nxe1 0-1

[Event "XX Cracovia-open B"]
[Site "Krakow"]
[Date "2009.12.30"]
[Round "4.8"]
[White "Pietinen, Pekka"]
[Black "Knapik, Andrzej"]
[Result "1/2-1/2"]
[WhiteElo "2055"]
[BlackElo "1821"]
[PlyCount "108"]
[EventDate "2009.??.??"]

1. e4 e6 2. d4 d5 3. Nc3 Bb4 4. e5 c5 5. Bd2 Ne7 6. a3 Bxc3 7. Bxc3 Nbc6 8. Nf3
cxd4 9. Nxd4 Ng6 10. Nxc6 bxc6 11. Qd4 Qb6 12. b4 O-O 13. Bd3 Ba6 14. g3 Rfc8
15. O-O Ne7 16. Rfc1 Bxd3 17. Qxd3 c5 18. bxc5 Qxc5 19. Bb4 Qc7 20. Bxe7 Qxe7
21. c4 dxc4 22. Rxc4 Rxc4 23. Qxc4 Rd8 24. a4 Rd5 25. Qc8+ Qf8 26. Rc1 g6 27.
Qb7 Rc5 28. Rd1 a5 29. Qb6 Kg7 30. h4 Qc8 31. Rd8 Rc1+ 32. Kh2 Qc5 33. Qxc5
Rxc5 34. Ra8 Rxe5 35. Kg2 h5 36. Kf3 Kf6 37. Ra7 Rc5 38. Ke3 e5 39. Kf3 Ke6 40.
Ke3 f6 41. Kf3 Kf5 42. Ra8 g5 43. hxg5 fxg5 44. Rf8+ Kg6 45. Rg8+ Kf6 46. Rf8+
Ke6 47. Ra8 e4+ 48. Ke3 h4 49. gxh4 gxh4 50. Rh8 Rc4 51. Rxh4 Rxa4 52. Rxe4+
Rxe4+ 53. Kxe4 a4 54. Kd3 Kf5 1/2-1/2

4. Kd3 Kf5 1/2-1/2

[Event "XX Cracovia-open B"]
[Site "Krakow"]
[Date "2009.12.30"]
[Round "4.9"]
[White "Banaszkiewicz, Mikolaj"]
[Black "Zochowski, Kacper"]
[Result "1/2-1/2"]
[WhiteElo "2047"]
[BlackElo "1850"]
[PlyCount "136"]
[EventDate "2009.??.??"]

1. c4 e5 2. Nc3 Nc6 3. g3 d6 4. Bg2 Be6 5. d3 Qd7 6. Be3 g6 7. Qb3 Nge7 8. Ne4
Bg7 9. Bh6 O-O 10. e3 f5 11. Bxg7 Kxg7 12. Ng5 Bg8 13. Qc3 h6 14. N5f3 Kh7 15.
Ne2 Nd8 16. h4 Ne6 17. O-O-O Rab8 18. d4 e4 19. Ng5+ hxg5 20. hxg5+ Kg7 21. d5+
Kf7 22. dxe6+ Qxe6 23. Nf4 Qe5 24. Qxe5 dxe5 25. Nd5 Nxd5 26. Rxd5 Ke7 27.
Rxe5+ Kd6 28. Ra5 Bxc4 29. Rxa7 Rh8 30. Rd1+ Kc5 31. Bf1 Bxf1 32. Rxf1 Rh5 33.
Kd2 Rxg5 34. Rh1 Rh5 35. Rxh5 gxh5 36. Ra5+ b5 37. Ra6 Rd8+ 38. Kc2 c6 39. Ra7
Rd5 40. a3 Kd6 41. Rh7 Rc5+ 42. Kb3 Ke6 43. Rxh5 Rc1 44. Rh4 Rf1 45. Rf4 c5 46.
Kc2 Ke5 47. b3 c4 48. bxc4 bxc4 49. Kb2 Rd1 50. a4 Rd2+ 51. Kc3 Ra2 52. g4 fxg4
53. a5 g3 54. fxg3 Rxa5 55. g4 Ra3+ 56. Kxc4 Rxe3 57. Rf5+ Ke6 58. Kd4 Re1 59.
Re5+ Kf6 60. Rxe4 Rxe4+ 61. Kxe4 Kg5 62. Kf3 Kg6 63. Kf4 Kf6 64. g5+ Kg6 65.
Kg4 Kg7 66. Kf5 Kf7 67. g6+ Kg7 68. Kg5 Kg8 1/2-1/2

8. Kg5 Kg8 1/2-1/2

[Event "XX Cracovia-open B"]
[Site "Krakow"]
[Date "2009.12.30"]
[Round "4.10"]
[White "Dadello, Andrzej"]
[Black "Kaczor, Boguslaw"]
[Result "0-1"]
[WhiteElo "1818"]
[BlackElo "2039"]
[PlyCount "50"]
[EventDate "2009.??.??"]

1. e4 c5 2. Nf3 Nc6 3. d4 cxd4 4. Nxd4 g6 5. Nc3 Bg7 6. Be3 Nf6 7. Bc4 O-O 8.
f3 Qb6 9. Na4 Qb4+ 10. c3 Qxc4 11. b3 Qa6 12. g4 d6 13. h4 h5 14. gxh5 Nxh5 15.
Qd2 Ne5 16. Bh6 Nd3+ 17. Kd1 Bxh6 18. Qxh6 Nf2+ 19. Kc2 Qd3+ 20. Kb2 Nxh1 21.
Rxh1 e5 22. Nf5 Bxf5 23. exf5 Qxf5 24. Rg1 b5 25. Rg5 Qxf3 0-1

5 25. Rg5 Qxf3 0-1

[Event "XX Cracovia-open B"]
[Site "Krakow"]
[Date "2009.12.31"]
[Round "5.1"]
[White "Nikitin, Aleksander I"]
[Black "Janus, Przemyslaw"]
[Result "0-1"]
[WhiteElo "2060"]
[BlackElo "2070"]
[PlyCount "96"]
[EventDate "2009.??.??"]

1. Nf3 d5 2. g3 Nf6 3. Bg2 e6 4. O-O Be7 5. d3 b6 6. Nbd2 Bb7 7. c3 O-O 8. Qc2
Nbd7 9. Re1 Bd6 10. e4 e5 11. Nh4 Re8 12. a3 a5 13. b3 Nc5 14. b4 Ne6 15. Bb2
axb4 16. cxb4 Nf8 17. Qb3 d4 18. Nc4 Bc8 19. Nxd6 cxd6 20. Bc1 h6 21. Bd2 Be6
22. Qd1 d5 23. exd5 Bxd5 24. Nf3 Ng6 25. a4 Qd6 26. a5 bxa5 27. bxa5 Qa6 28.
Ra3 Bc6 29. h4 Nd7 30. Qa1 Rab8 31. Rc1 Ne7 32. Ne1 Bxg2 33. Nxg2 Rb5 34. Ne1
Nc5 35. Qa2 Reb8 36. Qc4 Nf5 37. Qc2 Nb3 38. Rd1 Ne7 39. Nf3 Qa8 40. Nh2 Nxd2
41. Qxd2 Nd5 42. Re1 Nc3 43. Rxc3 dxc3 44. Qxc3 Qxa5 45. Qc1 Qa2 46. Qe3 Qd5
47. Nf3 f6 48. d4 Rb3 0-1

 f6 48. d4 Rb3 0-1

[Event "XX Cracovia-open B"]
[Site "Krakow"]
[Date "2009.12.31"]
[Round "5.3"]
[White "Kaczor, Boguslaw"]
[Black "Kiolbasa, Damian"]
[Result "1-0"]
[WhiteElo "2039"]
[BlackElo "1766"]
[PlyCount "59"]
[EventDate "2009.??.??"]

1. Nf3 c5 2. c4 Nc6 3. g3 e5 4. Nc3 g6 5. Bg2 Bg7 6. O-O Nge7 7. d3 O-O 8. Rb1
d6 9. a3 a5 10. Ne1 Be6 11. Nc2 d5 12. cxd5 Nxd5 13. Ne3 Nxe3 14. Bxe3 Nd4 15.
b4 cxb4 16. axb4 a4 17. Nxa4 Rxa4 18. Bxd4 Qd7 19. Be3 Rfa8 20. b5 Ba2 21. Rc1
Qxb5 22. Rc7 Bd5 23. Rc5 Qb2 24. Bxd5 Bf8 25. Qc2 Qb4 26. Rc7 Ra1 27. Rxf7
Rxf1+ 28. Kxf1 Ra1+ 29. Kg2 Qe1 30. Rf5+ 1-0

2 Qe1 30. Rf5+ 1-0

[Event "XX Cracovia-open B"]
[Site "Krakow"]
[Date "2009.12.31"]
[Round "5.4"]
[White "Jedras, Piotr"]
[Black "Koziej, Maciej"]
[Result "1/2-1/2"]
[WhiteElo "1941"]
[BlackElo "2026"]
[PlyCount "29"]
[EventDate "2009.??.??"]

1. c3 e5 2. c4 Nf6 3. d3 d5 4. cxd5 Nxd5 5. Nf3 Nc6 6. g3 Be6 7. Bg2 f6 8. Nc3
Qd7 9. O-O Bc5 10. Bd2 h5 11. h4 O-O-O 12. Ne4 Bb6 13. Rc1 Bg4 14. Rc4 g5 15.
Kh2 1/2-1/2

5 15.
Kh2 1/2-1/2

[Event "XX Cracovia-open B"]
[Site "Krakow"]
[Date "2009.12.31"]
[Round "5.5"]
[White "Jablonska, Sabina"]
[Black "Nasuta, Grzegorz"]
[Result "0-1"]
[WhiteElo "1800"]
[BlackElo "2015"]
[PlyCount "58"]
[EventDate "2009.??.??"]

1. e4 c5 2. Nf3 d6 3. d4 cxd4 4. Nxd4 Nf6 5. Nc3 a6 6. Bg5 e6 7. f4 Qc7 8. Qf3
b5 9. O-O-O b4 10. Nce2 Nbd7 11. Ng3 Bb7 12. Bd3 Be7 13. Nh5 O-O 14. h4 Rfc8
15. g4 Qb6 16. Ne2 b3 17. a3 bxc2 18. Rd2 Nc5 19. Rxc2 Nb3+ 20. Kd1 d5 21. Nhg3
dxe4 22. Nxe4 Nxe4 23. Bxe4 Qd8+ 24. Ke1 Rxc2 25. Bxb7 Qd2+ 26. Kf1 Nd4 27. Qf2
Nxe2 28. Rh2 Ng3+ 29. Kg1 Qd1+ 0-1

+ 29. Kg1 Qd1+ 0-1

[Event "XX Cracovia-open B"]
[Site "Krakow"]
[Date "2009.12.31"]
[Round "5.6"]
[White "Helaszek, Edward"]
[Black "Marczuk, Dominik"]
[Result "1-0"]
[WhiteElo "2092"]
[BlackElo "1929"]
[PlyCount "115"]
[EventDate "2009.??.??"]

1. e4 c5 2. Nf3 d6 3. d4 cxd4 4. Nxd4 Nf6 5. Nc3 a6 6. Be2 e5 7. Nb3 Be7 8. Be3
Be6 9. O-O O-O 10. Qd2 Nc6 11. f3 d5 12. exd5 Nxd5 13. Nxd5 Qxd5 14. Qxd5 Bxd5
15. c4 Be6 16. Nc5 Nd4 17. Bxd4 exd4 18. Nxe6 fxe6 19. Bd3 Bg5 20. g3 Be3+ 21.
Kg2 e5 22. Rfd1 g6 23. Be4 Rab8 24. b4 b6 25. Rab1 Rfc8 26. Rb3 Kf8 27. Bd5 Rc7
28. Ra3 Ra7 29. h4 Ke7 30. h5 g5 31. Kh3 h6 32. Kg4 Rd8 33. Kf5 Kd6 34. Be4
Rf8+ 35. Kg4 Ke7 36. c5 bxc5 37. bxc5 Rb8 38. Kf5 Rb5 39. c6 Bf2 40. Kg6 Bxg3
41. Rc1 Rb6 42. Rb3 Rxb3 43. axb3 Rc7 44. Ra1 Ra7 45. b4 Kd6 46. Kxh6 Bf4 47.
Kg6 Bd2 48. b5 Kc5 49. Rxa6 Re7 50. Kf6 Re8 51. Ra2 Bc3 52. Kxg5 Kxb5 53. h6
Bb4 54. h7 d3 55. Bxd3+ Kxc6 56. Be4+ Kd7 57. Ra8 Bf8 58. Rxe8 1-0

8 Bf8 58. Rxe8 1-0

[Event "XX Cracovia-open B"]
[Site "Krakow"]
[Date "2009.12.31"]
[Round "5.7"]
[White "Krasiewicz, Robert"]
[Black "Lewtak, Damian"]
[Result "1-0"]
[WhiteElo "2092"]
[BlackElo "1939"]
[PlyCount "97"]
[EventDate "2009.??.??"]

1. d4 d6 2. Nf3 Bg4 3. c4 Bxf3 4. gxf3 e5 5. dxe5 dxe5 6. Qxd8+ Kxd8 7. Nc3 c6
8. Rg1 g6 9. Bg5+ f6 10. O-O-O+ Kc7 11. Be3 f5 12. Kc2 Nd7 13. Bc1 Re8 14. f4
e4 15. e3 Ngf6 16. Be2 Be7 17. a3 Reg8 18. b4 h6 19. c5 b5 20. f3 g5 21. Bb2
Rh7 22. fxe4 fxe4 23. Rd4 Rf8 24. Nxe4 Nd5 25. Rxd5 cxd5 26. Nc3 gxf4 27. Nxd5+
Kb8 28. Bxb5 Bg5 29. exf4 Bxf4 30. c6 a6 31. Bxa6 Ka7 32. Bd3 Rhf7 33. Bd4+ Kb8
34. Nxf4 Rxf4 35. Be3 Rf3 36. Bxh6 Rc8 37. b5 Nc5 38. Bc4 Na4 39. Rg3 Rxg3 40.
hxg3 Nb6 41. Kb3 Re8 42. Bd3 Rd8 43. Bc2 Nd5 44. a4 Rg8 45. Kc4 Nb6+ 46. Kc5
Na8 47. a5 Nc7 48. Bf4 Ka8 49. Bxc7 1-0

4 Ka8 49. Bxc7 1-0

[Event "XX Cracovia-open B"]
[Site "Krakow"]
[Date "2009.12.31"]
[Round "5.8"]
[White "Labus, Zbigniew"]
[Black "Stanach, Fabian"]
[Result "1-0"]
[WhiteElo "1941"]
[BlackElo "2088"]
[PlyCount "89"]
[EventDate "2009.??.??"]

1. e4 c5 2. c3 g6 3. d4 cxd4 4. cxd4 d5 5. e5 Bg7 6. Nc3 Nc6 7. Bb5 Nh6 8. Bxh6
Bxh6 9. Qa4 Bd7 10. Nge2 a6 11. Bxc6 Bxc6 12. Qb3 O-O 13. O-O e6 14. f4 f6 15.
Rad1 Qe7 16. g3 Rf7 17. Qb6 a5 18. a3 Ra6 19. Qb3 fxe5 20. fxe5 a4 21. Qc2
Rxf1+ 22. Rxf1 Be8 23. Kg2 Qc7 24. Qd3 Rb6 25. Qb1 Qc4 26. Qc2 Be3 27. Rf3 Bxd4
28. Rf4 Qc7 29. Rxd4 Qxe5 30. Qd2 Bc6 31. Kg1 Qf5 32. Rb4 Rxb4 33. axb4 h5 34.
Nd4 Qf6 35. Qf4 Qe7 36. Qe5 Kf7 37. b5 Bd7 38. Nxa4 Qb4 39. Nb6 Bxb5 40. Qxe6+
Kg7 41. Qe5+ Kh7 42. Nxd5 Qc4 43. Qe7+ Kh6 44. Qf8+ Kg5 45. Qf4# 1-0

+ Kg5 45. Qf4# 1-0

[Event "XX Cracovia-open B"]
[Site "Krakow"]
[Date "2009.12.31"]
[Round "5.9"]
[White "Gregulski, Zbigniew"]
[Black "Pietinen, Pekka"]
[Result "1/2-1/2"]
[WhiteElo "1897"]
[BlackElo "2055"]
[PlyCount "76"]
[EventDate "2009.??.??"]

1. Nf3 d6 2. d4 Bg4 3. e3 Nd7 4. Be2 e5 5. c4 Ngf6 6. Nc3 Be7 7. O-O O-O 8. b3
c6 9. Bb2 Qc7 10. Nh4 Bxe2 11. Qxe2 Rfe8 12. dxe5 dxe5 13. Nf5 Nf8 14. Qf3 Ng6
15. Ne4 Nxe4 16. Qxe4 Bf8 17. h4 Ne7 18. Rfd1 Nxf5 19. Qxf5 Rad8 20. h5 Rd6 21.
Rxd6 Qxd6 22. Bc3 Qe6 23. Qxe6 Rxe6 24. Rd1 Rd6 25. Rxd6 Bxd6 26. e4 Kf8 27. g4
g6 28. Kg2 Ke7 29. Kg3 Ke6 30. Kh4 Be7+ 31. Kg3 Bg5 32. Bb4 b5 33. Kf3 f5 34.
hxg6 hxg6 35. Bc5 a6 36. Bb4 Bc1 37. Bc5 Bd2 38. Bf8 Bc1 1/2-1/2

8. Bf8 Bc1 1/2-1/2

[Event "XX Cracovia-open B"]
[Site "Krakow"]
[Date "2009.12.31"]
[Round "5.10"]
[White "Knapik, Andrzej"]
[Black "Banaszkiewicz, Mikolaj"]
[Result "0-1"]
[WhiteElo "1821"]
[BlackElo "2047"]
[PlyCount "68"]
[EventDate "2009.??.??"]

1. e4 e6 2. d4 d5 3. Nc3 Nf6 4. Bg5 Be7 5. e5 Nfd7 6. Bxe7 Qxe7 7. f4 a6 8. Qd2
c5 9. Nf3 Nc6 10. O-O-O b5 11. g4 Nb6 12. dxc5 Qxc5 13. Nd4 Bd7 14. Nxc6 Qxc6
15. Bg2 O-O-O 16. Rhf1 b4 17. Ne2 Nc4 18. Qxb4 Ne3 19. Nd4 Qc4 20. Qb6 Qxa2 21.
Nb3 Qxb2+ 22. Kxb2 Nc4+ 23. Kc3 Nxb6 24. Ra1 Bb5 25. Rfb1 h5 26. g5 Kc7 27. Nd4
Rb8 28. Nxb5+ axb5 29. Rxb5 Na4+ 30. Kb4 Rxb5+ 31. Kxb5 Rb8+ 32. Ka5 Nc5 33.
Rf1 Rb2 34. f5 Kc6 0-1

Rb2 34. f5 Kc6 0-1

[Event "XX Cracovia-open B"]
[Site "Krakow"]
[Date "2010.01.02"]
[Round "6.1"]
[White "Janus, Przemyslaw"]
[Black "Kaczor, Boguslaw"]
[Result "1-0"]
[WhiteElo "2070"]
[BlackElo "2039"]
[PlyCount "115"]
[EventDate "2010.??.??"]

1. d4 Nf6 2. c4 g6 3. Nc3 Bg7 4. e4 d6 5. f3 O-O 6. Bg5 c5 7. d5 Nbd7 8. Nh3 a6
9. Qd2 Qa5 10. Nf2 b5 11. cxb5 axb5 12. Nxb5 Qb6 13. Be2 Ba6 14. a4 Rfb8 15.
O-O Qd8 16. Rac1 Ne8 17. b4 cxb4 18. Qxb4 Nc5 19. Rb1 Nc7 20. Qd2 Nxa4 21. Nxc7
Bxe2 22. Nxa8 Bxf1 23. Rxb8 Qxb8 24. Kxf1 Qxa8 25. Bxe7 Nc3 26. g3 h6 27. Ng4
Qb7 28. Nf6+ Kh8 29. Qxc3 Qxe7 30. Qc8+ Qf8 31. Qxf8+ Bxf8 32. Ke2 Be7 33. Nd7
Kg7 34. Kd3 f5 35. f4 fxe4+ 36. Kxe4 Kf7 37. g4 Bd8 38. Nb8 Bb6 39. Nc6 Kf6 40.
Nd4 Bc5 41. Nf3 Bb6 42. h4 h5 43. g5+ Kf7 44. f5 Bf2 45. Kf4 Kg7 46. f6+ Kf7
47. Nd2 Bxh4 48. Ne4 Be1 49. Nxd6+ Kf8 50. Nc4 Bc3 51. Ke4 Ke8 52. Ne5 Bd2 53.
d6 h4 54. d7+ Kd8 55. f7 Bb4 56. Nc6+ Kxd7 57. Nxb4 Ke7 58. Nd5+ 1-0

-0